| 000 | 00434nam a2200109Ia 4500 | ||
|---|---|---|---|
| 008 | 171211s9999 xx 000 0 und d | ||
| 245 | _aTestbeds and Research Infrastructures for the Development of Networks and Communities: 11th International Conference | ||
| 245 | _cGuiyi Wei, Song Guo, Xiaodong Lin, and Yang Xiang | ||
| 260 | _c2016 | ||
| 650 | _xINFORMATION TECHNOLOGIES | ||
| 856 | _uhttp://down.ebook777.com/064/9783319495798.pdf | ||
| 999 |
_c349701 _d349701 |
||